000
00295nam a2200109Ia 4500
005
20251222114405.0
008
251222s1900||||xx |||||||||||||| ||spa||
082
_a
DVD0092/S25E/2006
245
0
_a
Milagro Eucarístico de Eten
264
_b
Castillejo, Christian. Salas Delgado, Raúl
942
_c
DVD
999
_c
1809
_d
1809